000 00616nam a22002177a 4500
003 UA-OsUOA
001 68464
007 ta
008 20100426b un ||||| |||| 00| 0 ukr d
100 _aМелехов А.
090 _a2
_bМ47
942 _cSA
040 _aUA-OsUOA
_brus
_cUA-OsUOA
_dUA-OsUOA
245 _a"Устройство" православия и конфликт єкклезиологий
300 _aС.187-199
955 _a0
041 _arus
080 _a2
773 0 _w68457
_tРелігія в Україні
_dК.
_d2010
_g2
650 7 _a2 Релігія. Теологія.
_2UDC
999 _c354708
_d354708